|
|
|
|
| LEADER |
00000naa2a2200000 4500 |
| 001 |
233658 |
| 005 |
20260116092204.0 |
| 035 |
|
|
|a (RuTPU)RU\TPU\book\254737
|
| 035 |
|
|
|a RU\TPU\book\254735
|
| 090 |
|
|
|a 233658
|
| 100 |
|
|
|a 20130307d2010 k y0rusy50 ca
|
| 101 |
0 |
|
|a rus
|
| 102 |
|
|
|a RU
|
| 135 |
|
|
|a drcn ---uucaa
|
| 181 |
|
0 |
|a i
|
| 182 |
|
0 |
|a b
|
| 200 |
1 |
|
|a Противоаварийное управление энергетическим оборудованием
|f П. Г. Яковенко, Р. А. Вайнштейн
|
| 203 |
|
|
|a Текст
|c электронный
|
| 215 |
|
|
|a 1 файл (315 Kb)
|
| 300 |
|
|
|a Заглавие с титульного листа
|
| 320 |
|
|
|a [Библиогр.: с. 258 (2 назв.)]
|
| 337 |
|
|
|a Adobe Reader
|
| 463 |
|
1 |
|0 (RuTPU)RU\TPU\book\250339
|t Теплофизические основы энергетических технологий
|o сборник научных трудов Всероссийской научно-практической конференции с международным участием, 24 - 26 июня 2010 г., г. Томск
|f Национальный исследовательский Томский политехнический университет (ТПУ) ; ред. коллегия Г. В. Кузнецов [и др.]
|v [С. 254-258]
|d 2010
|
| 610 |
1 |
|
|a труды учёных ТПУ
|
| 610 |
1 |
|
|a электронный ресурс
|
| 610 |
1 |
|
|a противоаварийное управление
|
| 610 |
1 |
|
|a энергетическое оборудование
|
| 700 |
|
1 |
|a Яковенко
|b П. Г.
|c специалист в области теплоэнергетики
|c профессор Томского политехнического университета, доктор технических наук
|f 1951-
|g Павел Георгиевич
|3 (RuTPU)RU\TPU\pers\26011
|9 11860
|
| 701 |
|
1 |
|a Вайнштейн
|b Р. А.
|c специалист в области электроэнергетики
|c профессор Томского политехнического университета, доктор технических наук
|f 1937-
|g Роберт Александрович
|3 (RuTPU)RU\TPU\pers\26489
|9 12191
|
| 801 |
|
1 |
|a RU
|b 63413507
|c 20120830
|
| 801 |
|
2 |
|a RU
|b 63413507
|c 20150320
|g RCR
|
| 856 |
4 |
|
|u http://www.lib.tpu.ru/fulltext/c/2010/C02/061.pdf
|
| 942 |
|
|
|c CF
|